Υδρολογικές διεργασίες και διάβρωση σε μικρές νησιωτικές λεκάνες απορροής : η περίπτωση του χειμάρρου της Ερεσού Λέσβου : μεταπτυχιακή διατριβή

Erosion is one of the most severe problems threatening soil sustainability of highland areas. In contrast sediment input via river flow is a vital component in mass balance of delta plains. Important in management practices and in adaptation actions is the knowledge of erosion rate. Soil and Water A...

Πλήρης περιγραφή

Αποθηκεύτηκε σε:
Λεπτομέρειες βιβλιογραφικής εγγραφής
Κύριος συγγραφέας: Πολιτόπουλος, Δημήτριος
Συγγραφή απο Οργανισμό/Αρχή: Πανεπιστήμιο Αιγαίου Σχολή Περιβάλλοντος Τμήμα Επιστημών της Θάλασσας Πρόγραμμα Μεταπτυχιακών Σπουδών Διαχείριση Παράκτιων Περιοχών
Άλλοι συγγραφείς: Τζωράκη, Ουρανία (dgsf)
Μορφή: Thesis Βιβλίο
Γλώσσα:Greek
Δημοσίευση: 2014.
Θέματα:
Διαθέσιμο Online:http://hdl.handle.net/11610/11661
Ετικέτες: Προσθήκη ετικέτας
Δεν υπάρχουν, Καταχωρήστε ετικέτα πρώτοι!

MARC

LEADER 00000cam a2200000 a 4500
001 1/108216
008 150828s2014####gr | ||| |||| ||gre||
040 |a GR-MyUa  |b gre  |c GR-MyUa  |e AACR2 
041 0 |a gre 
082 7 |a 627   |2 (23)  
100 1 |a Πολιτόπουλος, Δημήτριος. 
245 1 0 |a Υδρολογικές διεργασίες και διάβρωση σε μικρές νησιωτικές λεκάνες απορροής :   |b η περίπτωση του χειμάρρου της Ερεσού Λέσβου : μεταπτυχιακή διατριβή /   |c του Πολιτόπουλου Δημήτριου.  
260 |c 2014.  
300 |a 97 σ. :   |b πίν. ;   |c 30 εκ.  
502 |a Διατριβή (μεταπτυχιακή) - Πανεπιστήμιο Αιγαίου, Λέσβος, 2014.  
504 |a Περιλαμβάνει βιβλιογραφία και παράρτημα.  
506 0 |a Ηλεκτρονική διάθεση στο πλήρες κείμενο - ελεύθερης πρόσβασης.  
520 8 |a Erosion is one of the most severe problems threatening soil sustainability of highland areas. In contrast sediment input via river flow is a vital component in mass balance of delta plains. Important in management practices and in adaptation actions is the knowledge of erosion rate. Soil and Water Assessment Tool (SWAT), a physically distributed model has been used to understand erosion and sediment transport processes on perennial rivers. At the present study the landscape of an insular basin (Eressos basin) is examined and sediment transport is simulated by SWAT model. Sediment volume accumulated in river bed and trapped into Pythari reservoir is estimated to constrain the simulation of SWAT model. The simulation results used to estimate the Bruun, basin infilling and rainfall/runoff effects on the coastal beach of Eressos.  
650 0 |a Hydrology  |z Greece  |z Eresos. 
650 0 |a Hydrogeology  |z Greece  |z Eresos. 
650 0 |a Coast changes  |z Greece  |z Eresos. 
650 0 |a Dams  |x Environmental aspects  |z Greece  |z Eresos. 
700 1 |a Τζωράκη, Ουρανία,  |e dgsf 
710 2 |a Πανεπιστήμιο Αιγαίου  |b Σχολή Περιβάλλοντος  |b Τμήμα Επιστημών της Θάλασσας  |b Πρόγραμμα Μεταπτυχιακών Σπουδών Διαχείριση Παράκτιων Περιοχών. 
852 |a INST  |b LESVOS  |c DIATR  |e 20150828  |h 261  |p 005100058060  |q 005100058060  |t MTXE  |y 23 
852 |a INST  |b LESVOS  |c DIATR  |e 20150828  |h 262  |p 005100058059  |q 005100058059  |t MTXE  |y 23 
856 |u http://hdl.handle.net/11610/11661 
924 |a Πολιτοπούλου   |b Δημήτρης   |y Λέσβος  |z 2014-12  
970 |a Τζαφέρη  |b Ευαγγελία   |z 28-08-2015